000 00445nam a2200169Ia 4500
003 GCL
008 140319s9999 xx 000 0 eng d
040 _aGCL /
_cGCL
082 0 4 _aCH
_b423
_bG K
100 1 _aGRISEWOOD, JOHN
245 1 0 _aCHILDREN'S ILLUSTRATED DICTIONARY /
_cGRISEWOOD, JOHN
260 _a[S.N] :
_bKING FISHER BOOKS ،
_c1992
300 _a319 P
650 0 4 _aDICTIONARIES
650 0 4 _aENGLISH LANGUAGE
942 _2ddc
_cBK
999 _c13235
_d13235